000 00506nam a2200157 4500
001 109634
003 ES-MaACL
005 20230906184859.0
007 t|
008 061121s1931 fr r ||||1| fre d
100 1 _aMitzakis, Michel.
_981720
245 1 4 _aLes grands problems italiens
_b: L'Economie, les Finances et les Lettres /
_cpar Michel Mitzakis.
260 _aParis :
_b[s. n.],
_c1931 (
_eFontenay-aux Roses :
_fLouis Bellenand)
300 _aXVI, 442 p. ;
_c25 cm.
852 _aES-MaACL
_jA-3643
999 _c109634
_d109634